000 00430nam a2200181Ia 4500
001 1489
005 20260306143732.0
008 260306t2012||||xx |||||||||||||| ||spa||
041 _aESP
082 _a150.1954
_bJ89
100 _aJung, Carl Gustav
_eAUT
245 0 _aArquetipos e inconsciente colectivo
260 _c2012
300 _a292 páginas :
_c21 cm.
650 _aGEN
654 _aCPS
942 _cLIB
_dJUS
_fJUS
_2ddc
_n
999 _c1489
_d1489